000 00588nam a2200193Ia 4500
005 20250923145246.0
008 008 250917s9999 xx 000 0 eng d
037 _aTextual
040 _aDSWL
_beng
_cDSWL
041 _aeng
_2eng
084 _aX:9P8.56'N60t, N62
_qDSWL
245 0 _aReport of the working party on workops
_cby Her Majestys Stationary Office
260 _aLondon
_bHer Majestys Stationary Office
_c1962
300 _a40p.
365 _aINR
_b8 .6
925 _g8 .6
942 _cTEXL
_hX:9P8.56'N60t, N62
999 _c1449093
_d1449093